National Convention of Socialists 1993 March 20-21 (Record no. 224967)
[ view plain ]
| 000 -LEADER | |
|---|---|
| fixed length control field | 00652nam a22002297a 4500 |
| 005 - DATE AND TIME OF LATEST TRANSACTION | |
| control field | 20221031162504.0 |
| 008 - FIXED-LENGTH DATA ELEMENTS--GENERAL INFORMATION | |
| fixed length control field | 221031b ||||| |||| 00| 0 eng d |
| 040 ## - CATALOGING SOURCE | |
| Transcribing agency | AL |
| 041 ## - LANGUAGE CODE | |
| Language code of text/sound track or separate title | English |
| 082 ## - DEWEY DECIMAL CLASSIFICATION NUMBER | |
| Edition number | 23 |
| Classification number | 329.87 |
| Item number | SURN |
| 100 ## - MAIN ENTRY--PERSONAL NAME | |
| Personal name | Suramouli |
| 100 ## - MAIN ENTRY--PERSONAL NAME | |
| 9 (RLIN) | 60658 |
| 245 ## - TITLE STATEMENT | |
| Title | National Convention of Socialists 1993 March 20-21 |
| 260 ## - PUBLICATION, DISTRIBUTION, ETC. | |
| Place of publication, distribution, etc. | Hyderabad |
| Name of publisher, distributor, etc. | Reception Committee |
| Date of publication, distribution, etc. | 1993 |
| 300 ## - PHYSICAL DESCRIPTION | |
| Extent | 86 p. |
| Other physical details | PB |
| Dimensions | 24x18.5 cm. |
| 650 ## - SUBJECT ADDED ENTRY--TOPICAL TERM | |
| Topical term or geographic name entry element | Socialism |
| 9 (RLIN) | 60659 |
| 650 ## - SUBJECT ADDED ENTRY--TOPICAL TERM | |
| Topical term or geographic name entry element | Socialist Workers Party |
| 9 (RLIN) | 60660 |
| 650 ## - SUBJECT ADDED ENTRY--TOPICAL TERM | |
| Topical term or geographic name entry element | Socialists |
| 9 (RLIN) | 60661 |
| 650 ## - SUBJECT ADDED ENTRY--TOPICAL TERM | |
| Topical term or geographic name entry element | Secularism |
| 9 (RLIN) | 60662 |
| 700 ## - ADDED ENTRY--PERSONAL NAME | |
| Personal name | SURAMOULI |
| 9 (RLIN) | 60663 |
| 700 ## - ADDED ENTRY--PERSONAL NAME | |
| Personal name | SOMAYYA (Ravela) |
| 9 (RLIN) | 60664 |
| 942 ## - ADDED ENTRY ELEMENTS (KOHA) | |
| Source of classification or shelving scheme | Dewey Decimal Classification |
| Koha item type | George Fernandes Collections |
| Withdrawn status | Lost status | Source of classification or shelving scheme | Damaged status | Not for loan | Collection code | Home library | Current library | Date acquired | Total Checkouts | Full call number | Barcode | Date last seen | Price effective from | Koha item type |
|---|---|---|---|---|---|---|---|---|---|---|---|---|---|---|
| Dewey Decimal Classification | Economics | St Aloysius Library | St Aloysius Library | 03/23/2013 | 329.87 SURN | GF03900 | 10/31/2022 | 10/31/2022 | George Fernandes Collections |